| 000 | 00983nam a2200205Ia 4500 | ||
|---|---|---|---|
| 001 | 227.06-SPA fr ge (18682) | ||
| 003 | IT-MiSPE | ||
| 008 | 171229s9999||||xx |||||||||||||| ||und|| | ||
| 040 |
_aIT-MiSPE _cIT-MiSPE |
||
| 041 | _aITALIANO | ||
| 100 | _aFrancesco Spadafora | ||
| 245 | 0 |
_aGesù e la fine di Gerusalemme _bEco di tale profezia in san Paolo |
|
| 250 | _a2a ed. | ||
| 260 |
_aRovigo _bIstituto Padano di Arti Grafiche _c1971 |
||
| 300 |
_aIX, 356 p. _c22 cm |
||
| 501 | _aEdizioni San Paolo srl - Piazza Soncino, 5 - 20092 CINISELLO BALSAMO (MI) (non commercial uses only) ® Copyright 2018 | ||
| 942 | _cBK | ||
| 957 | _71 | ||
| 999 |
_a5082 _bNO _g Copie: 1 _c339282 _d339282 |
||